000
00282nam a22001217a 4500
008
181220b xxu||||| |||| 00| 0 eng d
041
_a
eng
080
_a
610
100
_a
4
101
_a
SHM
245
_a
Comparative Embryology of the Verterbrates
_c
Nelsen,O.E
942
_2
udc
_c
BK
999
_c
53566
_d
53566